000 01144nam a22002537a 4500
001 8490
003 FISKH
005 20250915154418.0
008 250915b cb ||||| |||| 00| 0 eng d
040 _aFISKH
_beng
_cFISKH
_dFISKH
082 _a823.914
100 _aCarruth, Jane
245 _aHoppity's first thunderstorm /
_cby Jane Carruth ; illustrated by Tony Hutchings
260 _aNew York :
_bModern,
_c1985.
300 _a22 pages :
_bcolor illustrations ;
_c24 cm
505 _aJ
520 _aHoppity is a little rabbit (or bunny) who has never experienced a thunderstorm. One night, when a thunderstorm arrives for the first time, Hoppity hears loud noises—thunder, flashes of lightning, maybe wind and rain—and becomes frightened because everything is unfamiliar. Hoppity struggles with fear and uncertainty. The darkness, the loud sounds, the bright flashes all make Hoppity feel unsafe and unsure.
521 8 _a430
_bLexile estimate
521 8 _aJ
_bRaz-Plus
650 _aKindergarten
_vBravery
_xPicture book
700 _aHutchings, Tony
_eillustrator
942 _2ddc
_cBK
_n0
999 _c8490
_d8490